La revolución permanente /

Tallennettuna:
Bibliografiset tiedot
Päätekijä: Trotski, León (autor)
Aineistotyyppi: Kirja
Kieli:espanja
Julkaistu: México : Juan Pablos, 1972, c1972
Tagit: Lisää tagi
Ei tageja, Lisää ensimmäinen tagi!

MARC

LEADER 00000nam^a2200000^a^4500
001 000580327
005 20250521000000.0
009 20260310132548.452
037 |a Acervo ITESO - Biblioteca 
041 |a ESP 
091 |a FLG. 00839 
100 |a Trotski, León  |e (autor) 
245 1 3 |a La revolución permanente / 
264 4 |a México :  |b Juan Pablos,  |c 1972, c1972 
300 |a 234 p. 
336 |a texto  |b txt  |2 rdacontenido 
337 |a sin mediación  |b n  |2 rdamedio 
338 |a volumen  |b nc  |2 rdasoporte 
649 |a XX 
910 |a Fondo Luis González de Alba 
920 |a Impresos - Libros 
930 |a Fondos Especiales 
905 |a 141 
901 |a 0500398110  |b IT2  |c ESP  |i D100948  |u 20250521 
902 |a https://opac.biblio.iteso.mx/vufind/Record/000580327